Normal view
MARC view
Entry Personal Name
001 - CONTROL NUMBER
- control field: 15712
003 - CONTROL NUMBER IDENTIFIER
- control field: ARRUPE
005 - DATE AND TIME OF LATEST TRANSACTION
- control field: 20150303134935.0
008 - FIXED-LENGTH DATA ELEMENTS
- fixed length control field: 150303|| aca||aabn | a|a d
040 ## - CATALOGING SOURCE
- Original cataloging agency: ARRUPE
- Transcribing agency: ARRUPE
100 ## - HEADING--PERSONAL NAME
- Personal name: Miller, Jack C. (tn.)
670 ## - SOURCE DATA FOUND
- Source citation: Work cat.: (ARRUPE): Broglie, Louis de 15709, Non-Linear wave mechanics, 1960